[Event "SM-2022-0-00489"]
[Site "LSS email"]
[Date "2022.11.04"]
[Round "?"]
[White "Kazimierski, Tomasz"]
[Black "Salzmann, Stefan"]
[Result "1-0"]
[WhiteElo "2227"]
[BlackElo "2204"]
[PlyCount "67"]
[EventDate "2022.10.05"]
[EventType "tourn (corr)"]
[EventRounds "6"]
[EventCountry "GER"]
[SourceTitle "Corr 2024"]
[Source "ChessBase"]
[SourceDate "2023.10.19"]
[SourceVersion "1"]
[SourceVersionDate "2023.10.19"]
[SourceQuality "1"]

1. d4 Nf6 2. Bf4 d5 3. e3 c5 4. Nd2 Nc6 5. Ngf3 Qb6 6. dxc5 Qxb2 7. Rb1 Qc3 8. Bb5 e6 9. 0-0 Be7 10. e4 0-0 11. e5 Nd7 12. Nb3 Qb4 13. Nfd4 Nxd4 14. Nxd4 Qxc5 15. Re1 a6 16. Bd3 g6 17. Nb3 Qb4 18. Qg4 f5 19. Qg3 Nc5 20. h4 Nxb3 21. Red1 Qa5 22. Rxb3 Qd8 23. h5 g5 24. c4 Kh8 25. Bd2 dxc4 26. Bxc4 b5 27. Be2 Bb7 28. Rd3 Qe8 29. Rd6 f4 30. Qg4 Be4 31. Rc1 Bxd6 32. exd6 h6 33. Bd1 Rc8 34. Qe2 1-0